Matemática moderna. aritmética y álgebra 3 /

Guardado en:
Autor Principal: Repetto, Celina H.
Formato: Libro
Publicado: Buenos Aires : Kapelusz, 1970
Edición:17a. ed.
Materias:
Etiquetas: Agregar Etiqueta
Sin Etiquetas, Sea el primero en etiquetar este registro!
LEADER 00552nam a22001815a 4500
001 CEM.cems005383
005 20060220000000.0
008 130507s1970##################000#0#####d
003 CEMS
082 0 4 |a 511 
100 1 |a Repetto, Celina H. 
245 1 0 |a Matemática moderna. aritmética y álgebra 3 / 
250 |a 17a. ed. 
260 |a Buenos Aires :  |b Kapelusz,  |c 1970 
300 |a 337 p. 
653 |a Matematica 
859 |a CEMS  |b BIB. CEMS - 11 de abril  |h 511  |i R299a17/III  |p 4844.76  |t Ej.1 
859 |a CEMS  |b BIB. CEMS - 11 de abril  |h 511  |i R299a17/III  |p 5231.76  |t Ej.2